ბათუმის შოთა რუსთაველის სახელმწიფო უნივერსიტეტის ბიბლიოთეკა

ლაგოდეხის სახელმწიფო ნაკრძალის მცენარეულობა (ბიბ.ჩანაწერი № 44428)

000 -LEADER
fixed length control field 00865nam a2200229Ia 4500
001 - CONTROL NUMBER
control field 11194
003 - CONTROL NUMBER IDENTIFIER
control field GE_BSU
008 - FIXED-LENGTH DATA ELEMENTS--GENERAL INFORMATION
fixed length control field 181216s||||||||xx |||||||||||||| ||und||
040 ## - CATALOGING SOURCE
Transcribing agency GE_BSU
080 ## - UNIVERSAL DECIMAL CLASSIFICATION NUMBER
Universal Decimal Classification number 502.17(479.22-751.2)
100 ## - MAIN ENTRY--PERSONAL NAME
Personal name ქვაჩაკიძე, რევაზ
245 ## - TITLE STATEMENT
Title ლაგოდეხის სახელმწიფო ნაკრძალის მცენარეულობა
245 ## - TITLE STATEMENT
Statement of responsibility, etc. რედ: მ. სვანიძე
260 ## - PUBLICATION, DISTRIBUTION, ETC.
Place of publication, distribution, etc. თბილისი.
260 ## - PUBLICATION, DISTRIBUTION, ETC.
Name of publisher, distributor, etc. შპს საარი
260 ## - PUBLICATION, DISTRIBUTION, ETC.
Date of publication, distribution, etc. 1999
300 ## - PHYSICAL DESCRIPTION
Extent 166გვ.20სმ.
300 ## - PHYSICAL DESCRIPTION
Accompanying material რეზიუმე რუს. და ქართ. ენაზე
653 ## - INDEX TERM--UNCONTROLLED
Uncontrolled term ლაგოდეხის სახელმწიფო ნაკრძალის მცენარეულობა
942 ## - ADDED ENTRY ELEMENTS (KOHA)
Koha item type წიგნი
ეგზემპლარები
Withdrawn status Lost status Damaged status Not for loan Date acquired Barcode Date last seen Price effective from Koha item type
        2018-12-17 19322 2018-12-17 2018-12-17 წიგნი